Countries Bordering the Caribean Sea - Statistics

General Stats
  • This quiz has been taken 14 times
  • The average score is 9 of 10
Answer Stats
Answer % Correct
Mexico
100%
Costa Rica
93%
Nicaragua
93%
Panama
93%
United States of America
93%
Belize
86%
Colombia
86%
Guatemala
86%
Honduras
86%
Venezuela
86%
No matching quizzes found
Score Distribution
Percent of People with Each Score
Percentile by Number Answered
Your Score History
You have not taken this quiz